00397 2200157 4500001002100000008004100021035002000062245003100082100001600113260003200129300002200161020002200183084001400205082000800219990001200227INLIS000000000002802 IND  a0010-0925000149 aDia Bukan AkucQueen Nakey aQueen Nakey aJakartabRumah Oranyec2014 a252c(13 x 19 cm) a978-602-1588-77-2 a813 QUE c a813 a0755024